| 000 | 01224nam0a2200325 4500 | ||
|---|---|---|---|
| 001 | RU\NLR\bibl\1758730 | ||
| 005 | 20260405195714.0 | ||
| 010 |
_a978-5-9573-2298-6 _91000 |
||
| 021 |
_aRU _b2011-23040 _91629 |
||
| 035 | _a(NLR Aleph) 001749555 | ||
| 090 |
_a1510176 _c1510176 |
||
| 100 | _a20110414d2011 |||y0rusy50 ca | ||
| 101 | 1 |
_arus _ceng |
|
| 102 | _aRU | ||
| 105 | _ay ||||||||| | ||
| 200 | 1 |
_aПутешествия между мирами _eтехники для начинающих _fЭдайн Мак-Кой _g[пер. с англ. Е.Э. Шепелевой] |
|
| 210 |
_aСанкт-Петербург _cВесь _d2011 |
||
| 215 |
_a233, [1] с. _d22 |
||
| 225 | 1 | _aИздательская группа "Весь" - добрые вести | |
| 225 | 1 | _aПрактическая парапсихология | |
| 320 | _aБиблиогр.: с. 232-233 | ||
| 606 | 1 |
_aАстральные путешествия _92101385 _3RU\NLR\auth\661270852 |
|
| 686 | _aЮ969 | ||
| 700 | 1 |
_4070 _8rus _7ca _aМак-Кой _bЭ. _f1957-2019 _gЭдайн _3RU\NLR\AUTH\7787368 _970296 |
|
| 801 | 0 |
_aRU _bNLR _c20110414 _gRCR |
|
| 801 | 1 |
_aRU _bNLR _c20110414 |
|
| 942 | _cBOOK | ||
| 980 | _aNB | ||
| 980 | _aNBR | ||